[Event "Challenge"]
[Site "http://www.queenalice.com/game.php?id=547984"]
[Date "2009.2.28"]
[Round "-"]
[White "matheusborges"]
[Black "DUDUZ"]
[Result "0-1"]
[WhiteElo "1047"]
[BlackElo "869"]

1. e4 Nf6 2. h4 Nxe4 3. Bd3 Nf6 4. Nc3 d5 5. Rh3 g5 6. hxg5 Ng8 7. Bxh7 f6 8.
Qg4 Bxg4 9. f3 Be6 10. Nge2 Nd7 11. d4 c6 12. Bg6+ Bf7 13. Bh7 f5 14. a4 e6 15.
Rh4 Nh6 16. gxh6 Qxh4+ 17. g3 Qh1+ 18. Kd2 Bxh6+ 19. Nf4 Rxh7 20. Ra3 Qxf3 21.
Ne2 Qe4 22. Re3 Qh1 23. Re5 Nb6 24. a5 Nc4+ 25. Kc3 Nxe5 26. Be3 Nc4 27. b3 Nxa5
28. b4 b6 29. bxa5 bxa5 30. Nc1 a4 31. Nxe6 Bxe6 32. Bxh6 Qf1 33. Bg5 Rb8 34.
Na2 Qa1+ 35. Kd2 Rh2+ 36. Kd3 Qxa2 37. c4 dxc4+ 38. Kc3 Re2 39. Bf4 Rb7 40. Bh6
Rf2 41. Be3 Rf3 42. g4 fxg4 43. d5 cxd5 44. Kd4 Qe2 45. Kc5 Kd7 46. Bd4 a3 47.
Bc3 g3 48. Bg7 a6 49. Bc3 Rb5+ 50. Kd4 Qe3# 0-1

[Event "supermouze X matheus"]
[Site "http://www.queenalice.com/game.php?id=549567"]
[Date "2009.3.3"]
[Round "-"]
[White "matheusborges"]
[Black "supermouze"]
[Result "0-1"]
[WhiteElo "1079"]
[BlackElo "1100"]

1. e4 e5 2. Nf3 Nc6 3. a4 Nf6 4. d3 Bc5 5. Be3 Bxe3 6. fxe3 d5 7. exd5 Nxd5 8.
Nxe5 Nxe5 9. Qh5 Qe7 10. Na3 Ng4 11. Qxd5 Qxe3+ 12. Be2 Qf2+ 13. Kd2 Qe3+ 14.
Ke1 Nf2 15. Rf1 c6 16. Qf3 Qe5 17. Qxf2 O-O 18. Nc4 Qe6 19. Rd1 Re8 20. Qc5
Qxe2# 0-1

[Event "Challenge"]
[Site "http://www.queenalice.com/game.php?id=550411"]
[Date "2009.3.4"]
[Round "-"]
[White "Kike"]
[Black "matheusborges"]
[Result "1-0"]
[WhiteElo "1122"]
[BlackElo "1025"]

1. d4 d5 2. Nc3 b5 3. Nxb5 c6 4. Nc3 Qa5 5. Bd2 Nf6 6. e3 a6 7. Nf3 Ra7 8. Bd3
Qc7 9. O-O Qxh2+ 10. Nxh2 Rd7 11. Bf5 Rd6 12. Bxc8 h5 13. b4 Rh6 14. e4 dxe4 15.
Bg5 Rg6 16. f4 Nd5 17. Nxe4 Rde6 18. Bxe6 Rxe6 19. Nc5 Rd6 20. Qxh5 Ne3 21. Rf3
Nxc2 22. Rd1 Nxd4 23. Rfd3 Kd8 24. Qh8 f6 25. Qxf8+ Kc7 26. Qxe7+ Nd7 27. Nxa6+
Kc8 28. Qxd6 fxg5 29. Rxd4 gxf4 30. Qxd7# 1-0

[Event "Challenge"]
[Site "http://www.queenalice.com/game.php?id=552295"]
[Date "2009.3.8"]
[Round "-"]
[White "loulou429"]
[Black "matheusborges"]
[Result "1-0"]
[WhiteElo "1554"]
[BlackElo "1012"]

1. e4 e5 2. Nf3 Bb4 3. Nxe5 Qh4 4. g3 Qxe4+ 5. Qe2 Qxc2 6. Nc3 a5 7. Qe3 Ra6 8.
Bd3 Qxc3 9. bxc3 Bd6 10. Nxf7+ Kxf7 11. Bxa6 bxa6 12. Qa7 h5 13. Qxb8 Rh6 14.
Qxc8 Re6+ 15. Kf1 Ne7 16. a4 Nxc8 17. Rg1 Re4 18. f3 Rc4 19. Rg2 Bc5 20. Bb2 d5
21. d3 Nb6 22. dxc4 Nxc4 23. Ke1 Ne3 24. Re2 Nf5 25. Ba3 Bg1 26. Raa2 g5 27. Re5
Kf6 28. Rxd5 Ne3 29. Rc5 Nc2+ 30. Rxc2 Ke6 31. Rxg5 Kf6 32. Rxh5 Kg6 33. Rxa5
Bb6 34. Rxa6 Kf5 35. Rd2 Be3 36. Rd5# 1-0

[Event "Challenge"]
[Site "http://www.queenalice.com/game.php?id=552296"]
[Date "2009.3.8"]
[Round "-"]
[White "matheusborges"]
[Black "loulou429"]
[Result "0-1"]
[WhiteElo "1047"]
[BlackElo "1598"]

1. e4 c5 2. Qh5 b6 3. Qxf7+ Kxf7 4. Bc4+ Ke8 5. Bf7+ Kxf7 6. Nh3 h6 7. Nc3 e6 8.
a4 Qh4 9. g3 Qxh3 10. Ra3 Qg2 11. Nb5 Qxe4+ 12. Kf1 Qxh1+ 13. Ke2 Qc6 14. Nc3
Qh1 15. f3 Qxc1 16. Ne4 Qxb2 17. Re3 d5 18. Nd6+ Bxd6 19. h4 Qxc2 20. h5 Qxa4
21. d4 cxd4 22. Rxe6 Bxe6 23. f4 Bg4+ 24. Kd3 Qc4+ 25. Kd2 Bb4# 0-1

[Event "Challenge"]
[Site "http://www.queenalice.com/game.php?id=552310"]
[Date "2009.3.8"]
[Round "-"]
[White "paloberto"]
[Black "matheusborges"]
[Result "1-0"]
[WhiteElo "1566"]
[BlackElo "1047"]

1. e4 e5 2. Nf3 Na6 3. Nxe5 Qh4 4. Nc3 d6 5. Nf3 Qe7 6. d4 h5 7. d5 Rh6 8. Bxh6
gxh6 9. Bb5+ Bd7 10. a4 Qe5 11. Nxe5 dxe5 12. Qxh5 c6 13. Qxe5+ Be7 14. d6 f6
15. Qg3 Bxd6 16. Qxg8+ Bf8 17. Qg6+ Ke7 18. Qh7+ Ke8 19. Qg6+ Ke7 20. Bc4 Nb4
21. Qf7+ Kd6 22. Qxf6+ Be6 23. Qxe6+ Kc5 24. Qe5+ Kb6 25. a5# 1-0

[Event "Challenge"]
[Site "http://www.queenalice.com/game.php?id=555638"]
[Date "2009.3.13"]
[Round "-"]
[White "filipe_carlos_panice"]
[Black "matheusborges"]
[Result "0-1"]
[WhiteElo "1212"]
[BlackElo "1000"]

1. e4 e5 2. Bc4 Qh4 3. Qf3 Bb4 4. Bxf7+ Kd8 5. Bxg8 Rxg8 6. Qf7 Rh8 7. Qxg7 Re8
8. Kd1 Qxe4 9. Ne2 Qxg2 10. Qxe5 Rxe5 11. Ke1 Qxh1# 0-1

[Event "Round 1"]
[Site "http://www.queenalice.com/game.php?id=556056"]
[Date "2009.3.14"]
[Round "-"]
[White "Mr_SPOCK"]
[Black "matheusborges"]
[Result "1-0"]
[WhiteElo "1563"]
[BlackElo "1047"]

1. e4 e5 2. Qh5 Qh4 3. Qxe5+ Be7 4. d3 Qh6 5. Bxh6 gxh6 6. Qxh8 Bb4+ 7. c3 Ba5
8. Qxg8+ Ke7 9. Qxc8 c5 10. Qxc5+ d6 11. Qxa5 b6 12. Qb4 a5 13. Qd4 Nc6 14. Qg7
a4 15. e5 d5 16. Qf6+ Ke8 17. Qxc6+ Kd8 18. Qxa8+ Kc7 19. Qxa4 h5 20. Qe8 h4 21.
Qxf7+ Kc6 22. e6 h6 23. e7 h5 24. e8=Q+ Kc5 25. d4+ Kd6 26. Qfe7# 1-0

[Event "Challenge"]
[Site "http://www.queenalice.com/game.php?id=556200"]
[Date "2009.3.14"]
[Round "-"]
[White "YuGi"]
[Black "matheusborges"]
[Result "1-0"]
[WhiteElo "1361"]
[BlackElo "1015"]

1. b3 e5 2. Ba3 Qh4 3. g3 Qd4 4. e3 Qxa1 5. c3 Qxa2 6. Bc4 Bxa3 7. Qh5 d6 8.
Qxf7+ Kd8 9. Qf8+ Kd7 10. Qxg7+ Ne7 11. Qxh8 Qxb1+ 12. Ke2 Qe4 13. Bf7 Qxh1 14.
Qe8# 1-0

[Event "Round 2 ;)"]
[Site "http://www.queenalice.com/game.php?id=556437"]
[Date "2009.3.15"]
[Round "-"]
[White "matheusborges"]
[Black "Mr_SPOCK"]
[Result "0-1"]
[WhiteElo "1015"]
[BlackElo "1514"]

1. e4 e5 2. Qh5 Nc6 3. Bb5 Nf6 4. Qf5 g6 5. Qxe5+ Nxe5 6. Ne2 Nxe4 7. d4 Bb4+ 8.
Bd2 Bxd2+ 9. Nxd2 Nxf2 10. Kxf2 Ng4+ 11. Kf1 Qf6+ 12. Nf3 Ne3+ 13. Kf2 Ng4+ 14.
Kf1 O-O 15. a4 a5 16. Rd1 Ne3+ 17. Kf2 Nxd1+ 18. Rxd1 c6 19. Bc4 d5 20. Nc3 Bg4
21. Rd3 Rae8 22. Nxd5 cxd5 23. Bxd5 Qf4 24. g3 Qc1 25. Bxb7 Qxc2+ 26. Nd2 Re2+
27. Kf1 Qd1# 0-1

[Event "CIX.TR6.04"]
[Site "http://www.queenalice.com/game.php?id=587437"]
[Date "2009.5.12"]
[Round "-"]
[White "matheusborges"]
[Black "lafayete2000"]
[Result "0-1"]
[WhiteElo "1012"]
[BlackElo "1701"]

1. c4 e5 2. Qa4 Nf6 3. Na3 a6 4. d3 h6 5. Qa5 Nc6 6. Qc3 Bb4 7. Bd2 Bxc3 8. bxc3
d5 9. h4 dxc4 10. dxc4 Ne4 11. Be3 Nxc3 12. Rh3 Bxh3 13. gxh3 Qxh4 14. Nf3 Qe4
15. Nc2 Qxc2 16. a4 Rd8 17. Nh4 Rd1+ 18. Rxd1 Qxd1# 0-1

[Event "Challenge"]
[Site "http://www.queenalice.com/game.php?id=588147"]
[Date "2009.5.14"]
[Round "-"]
[White "adriana_paixao"]
[Black "matheusborges"]
[Result "1-0"]
[WhiteElo "1618"]
[BlackElo "1012"]

1. e4 e5 2. b3 Qh4 3. Qf3 Bb4 4. Bc4 Nh6 5. Bb2 Ng4 6. Qxf7+ Kd8 7. g3 Qh6 8. a3
Bc5 9. h4 Bxf2+ 10. Kd1 Bxg3 11. Nh3 Qxh4 12. Qxg7 Re8 13. Qg5+ Re7 14. Qxh4
Bxh4 15. Nc3 Rf7 16. Bxf7 Nh6 17. Bc4 d6 18. Be2 a5 19. Nf4 c5 20. Rxh4 Nf7 21.
Nfd5 Ra6 22. Bxa6 bxa6 23. Rxh7 Bg4+ 24. Ne2 Ng5 25. Rg7 Nc6 26. Rxg5 Bh3 27. c3
Nb8 28. Rg8+ 1-0